Countries of South America in an Indigenous language - Statistics

General Stats
  • This quiz has been taken 31 times
  • The average score is 10 of 12
Answer Stats
Hint Answer Language % Correct
Payagua Paraguay Guarani
100%
Uru-gua-y Uruguay Guarani
100%
Pindorama Brazil Tupian
86%
Kupali Yumï Suriname Carib
86%
Kuntisuyu Peru Quechua
82%
Qullasuyu Chile Quechua
79%
Tumebamba Ecuador Quechua
79%
Dumaruni Guyana Arawak
79%
Chupat Argentina Tehuelche
75%
Tiwanaku Bolivia Puquina
71%
Muyquytá Colombia Muisca
71%
Cumaná Venezuela Cumanagoto
71%
No matching quizzes found
Score Distribution
Percent of People with Each Score
Percentile by Number Answered
Your Score History
You have not taken this quiz